| 000 | 00696nam a2200217Ii 4500 | ||
|---|---|---|---|
| 003 | JO-AjNU | ||
| 008 | 230605s9999||||xx |||||||||||||| ||und|| | ||
| 017 | _a2004/4/947 | ||
| 040 |
_aJO-AjNU _bara _erda _cJO-AjNU |
||
| 041 | _aara | ||
| 050 | 1 | 4 | _aPJ6171.T48 2004 |
| 100 | 3 |
_aتاليف ثويني،حميد آدم, _eauthor _924323 |
|
| 245 | 0 | 0 | _aعلم العروض والقوافي |
| 250 | _aط1 | ||
| 264 | 3 | 1 | _aعمان: دار الصفاء، 2004 |
| 300 | _a251ص | ||
| 336 |
_atext _btxt _2rdacontent |
||
| 337 |
_aunmediated _bn _2rdamedia |
||
| 338 |
_avolume _bnc _2rdacarrier |
||
| 650 | 4 |
_aاللغة العربية-علم العروض-التفعيلات-القوافي _924324 |
|
| 999 |
_aA8938 _c12506 _d12506 |
||